Country Flags that are red, yellow, & green - Statistics

General Stats
  • This quiz has been taken 30 times
  • The average score is 12 of 16
Answer Stats
Picture Answer % Correct
Portugal
96%
Senegal
82%
Ghana
79%
Mali
79%
Myanmar
75%
Cameroon
71%
Grenada
71%
Guyana
71%
Mauritania
71%
Republic of the Congo
71%
Sao Tome
71%
Benin
68%
Burkina Faso
68%
Guinea
68%
Togo
64%
Bolivia
57%
No matching quizzes found
Score Distribution
Percent of People with Each Score
Percentile by Number Answered
Your Score History
You have not taken this quiz